| 000 | 00635cam a2200205 4500 | ||
|---|---|---|---|
| 001 | ABS61466 | ||
| 008 | 000000n1999 000 0 eng u | ||
| 035 | _a(Sirsi) u101113 | ||
| 100 | _aFrey, H. | ||
| 245 | _aGlasgow 1999 | ||
| 260 | _c1999 | ||
| 490 |
_aUrban Design Quarterly _v(72) October 1999, 18-32(15) |
||
| 520 | _aCovers the stages of Glasgow's urban regeneration which began in the 1970s and eventually lead to the city's title of 1999 UK City of Architecture and Design. | ||
| 590 | _aABS | ||
| 650 | _aREGENERATION | ||
| 650 | _aGLASGOW | ||
| 690 | _aURBAN REGENERATION | ||
| 700 | _aForsyth, L. | ||
| 942 | _n0 | ||
| 999 |
_c60318 _d60318 |
||